000 00440nam a2200181Ia 4500
001 13984
005 20260306164841.0
008 260306t1992||||xx |||||||||||||| ||spa||
041 _aESP
082 _a005.74
_bS38
100 _aJenn, James A.
_eAUT
245 0 _aAnálisis y diseño de sistemas de información
260 _c1992
300 _a942 páginas :
_c23 cm.
650 _aGEN
654 _aCCC
942 _cLIB
_dJUS
_fJUS
_2ddc
_n
999 _c13984
_d13984